000 00409nam a2200133Ia 4500
001 3207
008 241024s9999 xx 000 0 und d
082 _aRD/371.58/R426p/2013
100 _aRepública Dominicana. Ministerio de Educación. Regional de Educación 12 de Higüey
245 0 _aPrevención de Violencia y Cultura de Paz
260 _bHigüey
_c2013
901 _a5/9/2013 9:33:16 a.m.
999 _c8828
_d8828